00956nam a2200277Ia 4500003000900000008004100009020003000050020003100080022002200111022002300133040001600156100002500172245005500197260005700252300002000309490002900329650005100358650004800409650002400457650004100481650001200522700002800534700002500562700002500587856006600612IN-BaIIA211028s9999 xx s 000 0 eng d a978-3-540-63716-5 (Print) a978-3-540-69632-2 (Online) a0075-8450 (Print) a1616-6361 (Online) cIIA Library aJungmann, Klaus, ed. 0aAtomic Physics Methods in Modern Researchh[eBook] aHeidelberg, BerlinbSpringer Berlin Heidelbergc1997 aOnline resource aLecture Notes in Physics a Atomic, Molecular, Optical and Plasma Physics a Biological and Medical Physics, Biophysics a Physical Chemistry a Surfaces and Interfaces, Thin Films aPhysics aKowalski, Joachim, ed.  aReinhard, Irene, ed. aTraeger, Frank, ed.  uhttp://doi.org/10.1007/BFb0104311yClick Here to Access eBook